000 01466cam a2200277 ab4500
999 _c3719
_d3719
001 2345369
003 OSt
005 20241003080329.0
008 211222t20152009enk jr 000 1 eng d
020 _a9781406360264
040 _aNLE
_beng
_cNLE
_dOCLCO
_dOCLCF
_dOCLCA
_dOCL
_dCN5O4
_dOCLCO
_dOCL
_dMAC
_dOCLCQ
_dATMAZ
_dTCPL
_dKH8
_eaacr2
042 _anbic
082 _aFIC HOR
100 1 _aHorowitz, Anthony,
_d1955-
_eauthor.
245 1 0 _aCrocodile tears /
_cAnthony Horowitz.
260 _aLondon :
_bWalker Books,
_c2015.
300 _a352 pages ;
_c20 cm.
490 1 _aAlex Rider ;
_vbk 8.
500 _aOriginally published : 2009.
520 _aA charity broker con artist has raised millions of dollars in donations, only to invest them in a form of genetically modified corn that has the power to release an airborne strain of virus so powerful it can knock out an entire country inone windy day. A catastrophe so far-reaching that it would raise millions of dollars more in charitable donations, all of which would be embezzled by one man. The antidote? Alex Rider, of course, who survives gunfire, explosions, and hand-to-hand combat with mercenaries--just another day in the life of an average kid.
600 1 0 _aRider, Alex
_c(Fictitious character)
_vJuvenile fiction.
650 0 _aGenetically modified foods
_vJuvenile fiction.
800 1 _aHorowitz, Anthony,
_d1955-
_tAlex Rider adventure ;
_v8.
830 0 _aAlex Rider ;
_vbk 8.
942 _2ddc
_cFIC